000 00278nam a22001217a 4500
008 230626b xxu||||| |||| 00| 0 eng d
082 _a331.8
_bALU
100 _cALU
245 _aNational Development Plan 1997-2001
260 _aKenya
_c2001
300 _a254p
942 _2ddc
_cBK
999 _c2678
_d2678